| 000 | 00567nam a2200121Ia 4500 | ||
|---|---|---|---|
| 008 | 220620s9999||||xx |||||||||||||| ||und|| | ||
| 100 | _aHenderson, Patricia C. | ||
| 245 | 0 |
_aAIDS, Intimacy and Care in Rural KwaZulu-Natal _bA Kinship of Bones |
|
| 546 | _aEnglish[eng] | ||
| 650 | _asociology||anthropologie||sociologie||anthropology | ||
| 856 | _uhttps://library.oapen.org/bitstream/20.500.12657/34562/1/408875.pdf||https://library.oapen.org/bitstream/20.500.12657/34562/1/408875.pdf||https://library.oapen.org/bitstream/20.500.12657/34562/1/408875.pdf | ||
| 942 | _cEB | ||
| 999 |
_c25697 _d25697 |
||